English for Competitive Examinations: (Record no. 193803)

MARC details
000 -LEADER
fixed length control field 00864nam a2200205 4500
005 - DATE AND TIME OF LATEST TRANSACTION
control field 20230127124005.0
010 ## - LCCN (DPL NO)
LC control number B-747193-202 E.N.A./7.11.22
020 ## - INTERNATIONAL STANDARD BOOK NUMBER
International Standard Book Number 9789352837564
Terms of availability 525.00
035 ## - SYSTEM CONTROL NUMBER
System control number B-747193-202
037 ## - SOURCE OF ACQUISITION
Source of stock number/acquisition AKPD
082 ## - DEWEY DECIMAL CLASSIFICATION NUMBER
Classification number 480
100 ## - MAIN ENTRY--PERSONAL NAME
Personal name Wren
245 ## - TITLE STATEMENT
Title English for Competitive Examinations:
Remainder of title Includes Descriptive and Objective Tests/
Statement of responsibility, etc Wren & Martin
260 ## - PUBLICATION, DISTRIBUTION, ETC. (IMPRINT)
Place of publication, distribution, etc New Delhi
Name of publisher, distributor, etc S Chand And Company Limited
Date of publication, distribution, etc 2021
270 ## - ADDRESS
Address Block, B-1, House No. D-1, Ground Floor, Mohan Co-operative Industrial Estate,
City New Delhi
Postal code 110044
300 ## - PHYSICAL DESCRIPTION
Extent 609p.
Dimensions 27cm(pbk)
700 ## - ADDED ENTRY--PERSONAL NAME
Personal name Martin
942 ## - ADDED ENTRY ELEMENTS (KOHA)
Source of classification or shelving scheme Dewey Decimal Classification
Item type English Books
Call number suffix WRE
Classification part 480
Holdings
Withdrawn status Lost status Not for loan Collection code Home library Current library Date acquired Source of acquisition Cost, normal purchase price Full call number Barcode Copy number Cost, replacement price Koha item type
      Non-fiction Ashok Vihar Ashok Vihar 27/01/2023 AKPD/A-22/28.11.22/147/23.11.22/2.12.22 525.00 480 WRE B-747197 1 525.00 English Books
      Non-fiction Bawana Bawana 27/01/2023 AKPD/A-22/28.11.22/147/23.11.22/2.12.22 525.00 480 WRE B-747200 1 525.00 English Books
      Non-fiction Central Library Central Library 27/01/2023 AKPD/A-22/28.11.22/147/23.11.22/2.12.22 525.00 480 WRE B-747193 1 525.00 English Books
      Non-fiction Mobile Library Mobile Library 27/01/2023 AKPD/A-22/28.11.22/147/23.11.22/2.12.22 525.00 480 WRE B-747194 3 525.00 English Books
      Non-fiction Mobile Library Mobile Library 27/01/2023 AKPD/A-22/28.11.22/147/23.11.22/2.12.22 525.00 480 WRE B-747195 3 525.00 English Books
      Non-fiction Mobile Library Mobile Library 27/01/2023 AKPD/A-22/28.11.22/147/23.11.22/2.12.22 525.00 480 WRE B-747196 3 525.00 English Books
      Non-fiction Patel Nagar Patel Nagar 27/01/2023 AKPD/A-22/28.11.22/147/23.11.22/2.12.22 525.00 480 WRE B-747198 1 525.00 English Books
      Non-fiction Sarojini Nagar Sarojini Nagar 27/01/2023 AKPD/A-22/28.11.22/147/23.11.22/2.12.22 525.00 480 WRE B-747199 1 525.00 English Books
      Non-fiction Shahdara Branch Shahdara Branch 27/01/2023 AKPD/A-22/28.11.22/147/23.11.22/2.12.22 525.00 480 WRE B-747201 1 525.00 English Books
      Non-fiction Vigyan Vihar Vigyan Vihar 27/01/2023 AKPD/A-22/28.11.22/147/23.11.22/2.12.22 525.00 480 WRE B-747202   525.00 English Books

© Delhi Public Library
Hit Counter
free hit counter